000
00260nam a22000977a 4500
999
_c
12286
_d
12286
020
_a
9788130930879
082
_a
658.407
100
_a
Anne Bruce Stephanie M. Montanez
245
_a
Leaders Start to Finish: A Roadmap for Developing Top Performers
942
_c
BK